Annual Review of Astronomy and Astrophysics (Record no. 8916)
[ view plain ]
| 000 -LEADER | |
|---|---|
| fixed length control field | 00664nam a2200205Ia 4500 |
| 003 - CONTROL NUMBER IDENTIFIER | |
| control field | IN-BaIIA |
| 008 - FIXED-LENGTH DATA ELEMENTS--GENERAL INFORMATION | |
| fixed length control field | 211028s9999 xx 000 0 eng d |
| 020 ## - INTERNATIONAL STANDARD BOOK NUMBER | |
| International Standard Book Number | 0-8243-0924-3 |
| 040 ## - CATALOGING SOURCE | |
| Transcribing agency | IIA Library |
| 080 ## - UNIVERSAL DECIMAL CLASSIFICATION NUMBER | |
| Universal Decimal Classification number | 047.1:52 |
| Item number | ARA-24 |
| 245 #0 - TITLE STATEMENT | |
| Title | Annual Review of Astronomy and Astrophysics |
| Remainder of title | vol. 14 |
| Statement of responsibility, etc. | edited by Geoffrey R. Burbidge..[et.al] |
| 260 ## - PUBLICATION, DISTRIBUTION, ETC. | |
| Place of publication, distribution, etc. | California |
| Name of publisher, distributor, etc. | Annual Reviews |
| Date of publication, distribution, etc. | 1986 |
| 300 ## - PHYSICAL DESCRIPTION | |
| Extent | 627p. |
| 650 ## - SUBJECT ADDED ENTRY--TOPICAL TERM | |
| Topical term or geographic name entry element | Annual Reviews-Astronomy and Astrophysics |
| 9 (RLIN) | 8535 |
| 650 ## - SUBJECT ADDED ENTRY--TOPICAL TERM | |
| Topical term or geographic name entry element | Astronomy and Astrophysics Thesaurus |
| 700 ## - ADDED ENTRY--PERSONAL NAME | |
| Personal name | Burbidge, Geoffrey R., ed. |
| 700 ## - ADDED ENTRY--PERSONAL NAME | |
| Personal name | Layzer, David., ed. |
| 9 (RLIN) | 4091 |
| 700 ## - ADDED ENTRY--PERSONAL NAME | |
| Personal name | Philips, John G., ed. |
| 9 (RLIN) | 7607 |
| 942 ## - ADDED ENTRY ELEMENTS (KOHA) | |
| Koha item type | Books |
| Withdrawn status | Lost status | Damaged status | Not for loan | Home library | Current library | Shelving location | Date acquired | Total Checkouts | Full call number | Barcode | Date last seen | Price effective from | Koha item type |
|---|---|---|---|---|---|---|---|---|---|---|---|---|---|
| IIA Library-Bangalore | IIA Library-Kavalur | General Stacks | 01/01/1987 | 047.1:52/ ARA-24 | 9801 | 05/11/2021 | 01/01/1987 | Books |